Macroeconomics /
Đã lưu trong:
| 主要作者: | |
|---|---|
| 格式: | Sách giấy |
| 出版: |
Chicago :
Irwin,
c1996.
|
| 版: | 4th ed. |
| 主題: | |
| 標簽: |
添加標簽
沒有標簽, 成為第一個標記此記錄!
|
| Thư viện lưu trữ: | Thư viện Trường Đại học Đà Lạt |
|---|
| LEADER | 00846nam a2200325 4500 | ||
|---|---|---|---|
| 001 | DLU030024742 | ||
| 005 | ##19951113143742.2 | ||
| 008 | ##950821s1996 ilua b 001 0 eng | ||
| 010 | # | # | |a 95025329 |
| 020 | # | # | |a 0256171742 |
| 035 | # | # | |9 (DLC) 95025329 |
| 040 | # | # | |a DLC |c DLC |d DLC |
| 050 | # | # | |a HB172.5 |b .S554 1996 |
| 082 | # | # | |a 339 |b SL-S |
| 100 | # | # | |a Slavin, Stephen L. |
| 245 | # | # | |a Macroeconomics / |c Stephen L. Slavin. |
| 250 | # | # | |a 4th ed. |
| 260 | # | # | |a Chicago : |b Irwin, |c c1996. |
| 300 | # | # | |a xvi, 504 p. : |b ill. ; |c 28 cm. |
| 504 | # | # | |a Includes bibliographical references and index. |
| 650 | # | # | |a Macroeconomics |
| 992 | # | # | |a 20800 |
| 994 | # | # | |a DLU |
| 900 | # | # | |a True |
| 911 | # | # | |a Lê Thị Mạnh Xuân |
| 925 | # | # | |a G |
| 926 | # | # | |a A |
| 927 | # | # | |a SH |
| 980 | # | # | |a Thư viện Trường Đại học Đà Lạt |


